| 000 | 01355cam a2200205 4500 | ||
|---|---|---|---|
| 001 | ##L132856 | ||
| 008 | 060314n2006 000 0 eng u | ||
| 035 | _a(Sirsi) u132856 | ||
| 041 | 0 | _aeng | |
| 100 | 1 | _aTatch, James | |
| 245 | 0 | 0 | _aWill the real first-time buyers please stand up? |
| 260 | _c2006 | ||
| 490 | 0 |
_aHousing Finance _vFebruary 2006 |
|
| 520 | _aExamines the implications of the low numbers of first-time buyers for the dynamics of the housing market. Breaks down the diverse group of first-time buyers into three subgroups: unassisted, assisted and returners and looks at their characteristics to give greater insight into how they will influence the housing market in future. Concludes that by far the biggest obstacle for would-be first-time buyers is raising a deposit of sufficient size and although overall there are still significant numbers of first-time buyers in the market providing ever-larger deposits, the figures hide the fact there are several different types of borrower in reported first-time buyer numbers. Charts, tables and references. | ||
| 590 | _aIKA140306 | ||
| 690 | _aPROPERTY-RESIDENTIAL PROPERTY-RESIDENTIAL PROPERTY FINANCE AND INVESTMENT | ||
| 700 | 1 | _aPannell, Bob | |
| 856 | 4 | 0 |
_uhttps://www.cml.org.uk/cml/publications/research _zView the article free of charge at www.cml.org.uk... |
| 942 | _n0 | ||
| 999 |
_c105259 _d105259 |
||